Top 20 Newcastle United Players By Appearance - Statistics

General Stats
  • This quiz has been taken 16 times
  • The average score is 4 of 20
Answer Stats
Appearances Duration Player % Correct
405 1996 – 2006 Alan Shearer
93%
324 1983 – 19871993 – 1997 Peter Beardsley
60%
462 1997 – 2009 Shay Given
60%
397 1943 – 1957 Jackie Milburn
33%
397 2000 – 2014 Shola Ameobi
33%
356 1962 – 1974 Bobby Moncur
27%
381 1992 – 2002 Rob Lee
20%
367 1921 – 1931 Tommy McDonald
20%
412 1962 – 1978 David Craig
7%
464 1962 – 1975 Frank Clark
7%
433 1949 – 1962 Alf McMichael
0%
349 1895 – 1906 Andy Aitken
0%
432 1904 – 1924 Bill McCracken
0%
412 1949 – 1961 Bobby Mitchell
0%
349 1946 – 1956 Frank Brennan
0%
472 1910 – 1929 Frank Hudspeth
0%
496 1904 – 1921 Jimmy Lawrence
0%
334 1902 – 1913 Jock Rutherford
0%
333 1982 – 1991 John Anderson
0%
367 1909 – 1924 Wilf Low
0%
No matching quizzes found
Score Distribution
Percent of People with Each Score
Percentile by Number Answered
Your Score History
You have not taken this quiz